000 00419nam a2200181Ia 4500
003 OSt
005 20260225144353.0
008 250729s1987 xx 000 0 und d
040 _cAL
041 _aeng
082 _a574 GROI
100 _aBone Structune
_9229813
245 _aGrowing up with science
260 _aWestport
_bHsstuttman
_c1987
300 _a188p
650 _aScience
_9229814
942 _2ddc
_cBED
999 _c238469
_d238469